Bruxelles-Capitale : villes de plus de 50 000 habitants - Statistiques

Statistiques générales
  • Ce quiz a été pris 35 fois
  • Le résultat moyen est 7 sur 9
Statistiques - réponses
Classement Rang national Population Nom de la commune % Correct
1 5 186 000 Bruxelles
97%
3 7 121 000 Anderlecht
91%
4 11 98 000 Molenbeek-Saint-Jean
91%
2 6 131 000 Schaerbeek
88%
6 16 84 000 Uccle
88%
5 14 87 000 Ixelles
81%
7 27 58 000 Woluwe-Saint-Lambert
75%
8 28 56 000 Forest
66%
9 30 52 000 Jette
66%
Aucun quiz correspondant
Distribution des résultats
% des personnes avec chaque résultat
Percentile par nombre de réponses
Votre historique - résultats
Vous n’avez pas pris ce quiz